[Event "ICS rated blitz match"]
[Site "204.178.125.65"]
[Date "1999.12.01"]
[Round "?"]
[White "Varguz"]
[Black "Hossa"]
[Result "1-0"]
[WhiteElo "2831"]
[BlackElo "2437"]
[PlyCount "95"]
[EventDate "1999.??.??"]

1. d4 Nf6 2. c4 e6 3. Nf3 b6 4. a3 Bb7 5. Nc3 Be7 6. d5 exd5 7. cxd5 O-O 8. e4
Re8 9. Be2 Bc5 10. Bg5 h6 11. Bxf6 Qxf6 12. O-O Bd6 13. Bc4 c6 14. dxc6 dxc6
15. Qb3 Na6 16. Rad1 Rad8 17. e5 Bxe5 18. Nxe5 Rxe5 19. Bxf7+ Kh8 20. Rxd8+
Qxd8 21. Qd1 Qf6 22. Qd7 Qe7 23. Qxe7 Rxe7 24. Bg6 Re6 25. Bf5 Re5 26. g4 Nc7
27. f4 Re7 28. Rd1 Nd5 29. Bg6 Re6 30. f5 Re3 31. Bf7 Re5 32. h4 Kh7 33. Kf2 a6
34. Na4 Re4 35. Nxb6 Rf4+ 36. Kg3 Re4 37. Bg6+ Kh8 38. f6 Re3+ 39. Kf2 gxf6 40.
Nxd5 Rb3 41. Ne7 Kg7 42. Nf5+ Kxg6 43. Rd7 Rxb2+ 44. Ke3 Rb3+ 45. Kf4 Rf3+ 46.
Kxf3 c5+ 47. Rxb7 c4 48. Rg7# {Hossa checkmated} 1-0

[Event "ICS rated blitz match"]
[Site "204.178.125.65"]
[Date "1999.12.01"]
[Round "?"]
[White "Hossa"]
[Black "Varguz"]
[Result "0-1"]
[WhiteElo "2434"]
[BlackElo "2834"]
[PlyCount "108"]
[EventDate "1999.??.??"]

1. d4 Nf6 2. c4 g6 3. Bf4 Bg7 4. Nf3 c5 5. e3 cxd4 6. exd4 d5 7. cxd5 Nxd5 8.
Be5 Bxe5 9. dxe5 Nc6 10. Nbd2 O-O 11. Bb5 Nf4 12. O-O Nxe5 13. Nxe5 Qd5 14.
Ndf3 Qxb5 15. Qd2 g5 16. a4 Qe2 17. Rad1 f6 18. Nd7 Rf7 19. Rfe1 Nh3+ 20. gxh3
Qxf3 21. Re3 Qc6 22. a5 e5 23. Rd3 Rxd7 24. Rxd7 Bxd7 25. Qxd7 Qxd7 26. Rxd7
Rb8 27. Kg2 h6 28. b3 e4 29. b4 a6 30. Kf1 f5 31. Rd6 Rc8 32. Rxh6 Rc1+ 33. Kg2
f4 34. Rg6+ Kf7 35. Rxg5 f3+ 36. Kg3 Rg1+ 37. Kf4 Rxg5 38. Kxe4 Rb5 39. Kxf3
Rxb4 40. h4 Rxh4 41. Kg2 Rh5 42. Kg3 Rxa5 43. Kg4 Ra2 44. f4 Rxh2 45. Kf5 a5
46. Ke4 Rf2 47. Kd5 Rxf4 48. Kd6 a4 49. Kd5 a3 50. Kd6 a2 51. Ke5 Rc4 52. Kd5
b5 53. Kd6 a1=Q 54. Kd5 54... Qd4# {Hossa checkmated} 0-1

[Event "ICS rated blitz match"]
[Site "204.178.125.65"]
[Date "1999.12.01"]
[Round "?"]
[White "Malignus"]
[Black "Hossa"]
[Result "0-1"]
[WhiteElo "2216"]
[BlackElo "2431"]
[PlyCount "100"]
[EventDate "1999.??.??"]

1. e4 Nc6 2. Nf3 e5 3. Be2 Nf6 4. d3 Be7 5. c3 O-O 6. Nbd2 d5 7. Qc2 Bg4 8. h3
Bh5 9. Nf1 dxe4 10. dxe4 Qd6 11. Ng3 Bg6 12. Be3 Rfd8 13. O-O Qe6 14. b4 Bd6
15. a4 a5 16. b5 Ne7 17. Nd2 b6 18. Bc4 Qd7 19. Nb3 Ned5 20. Rad1 Nf4 21. Nf5
Nxe4 22. Nh4 Nxh3+ 23. Kh2 Nexf2 24. Nxg6 Ng4+ 25. Kh1 Nxe3 26. Rxf7 Qxf7 27.
Bxf7+ Kxf7 28. Qe2 Nxd1 29. gxh3 Kxg6 30. Qxd1 h6 31. Qd3+ Kf6 32. Qf3+ Ke7 33.
Nd2 Rab8 34. Ne4 Rf8 35. Qg4 g5 36. Qh5 Rh8 37. Qg6 Rbf8 38. Qg7+ Ke6 39. c4
Be7 40. Qg6+ Bf6 41. Nc3 Rhg8 42. Qxh6 Rh8 43. Qg6 Rxh3+ 44. Kg2 Rxc3 45. Qe4
Rd8 46. Qc6+ Rd6 47. Qe8+ Kf5 48. Qc8+ Kf4 49. Qxc7 Rd2+ 50. Kf1 50... Rc1# {
Malignus checkmated} 0-1

[Event "ICS rated blitz match"]
[Site "204.178.125.65"]
[Date "1999.12.01"]
[Round "?"]
[White "Hossa"]
[Black "PostModernist"]
[Result "0-1"]
[WhiteElo "2438"]
[BlackElo "2539"]
[PlyCount "148"]
[EventDate "1999.??.??"]

1. d4 Nf6 2. c4 e6 3. Nf3 d5 4. Nc3 Be7 5. Bg5 h6 6. Bh4 O-O 7. e3 b6 8. Bxf6
Bxf6 9. cxd5 exd5 10. Qb3 Bb7 11. Bd3 c5 12. dxc5 Nd7 13. Na4 Bc6 14. Bb5 Bxb5
15. Qxb5 Nxc5 16. Nxc5 bxc5 17. Qxc5 Qb6 18. Rc1 Bxb2 19. Rc2 Qe6 20. Qb4 Rab8
21. Qd2 Bf6 22. O-O Rfc8 23. Rxc8+ Rxc8 24. Rc1 Rxc1+ 25. Qxc1 d4 26. exd4 Qxa2
27. h3 a5 28. Qc8+ Kh7 29. Qf5+ Kg8 30. Qb5 a4 31. d5 Qc2 32. Qa6 Be7 33. Ne1
Qb1 34. Kf1 a3 35. Ke2 a2 36. Qc8+ Kh7 37. Nc2 Qb5+ 38. Ke3 Qxd5 39. Ke2 Bb4
40. g4 Qe4+ 41. Kf1 g6 42. Qc7 Kg7 43. Kg1 Bd6 44. Qc8 Qxc2 45. Qxc2 a1=Q+ 46.
Kg2 Qe5 47. Kf1 Qd5 48. Qa4 Qh1+ 49. Ke2 Be5 50. Qb3 Bd4 51. Qd3 Bf6 52. Kd2
Bg5+ 53. Ke2 Kg8 54. Qc3 Qd5 55. Qc2 h5 56. Qc8+ Kg7 57. gxh5 Qb5+ 58. Kf3 gxh5
59. Qa8 Qf1 60. Qc8 Bh4 61. Ke3 Bxf2+ 62. Kd2 Bd4 63. Qd7 Qg2+ 64. Kd3 Qf3+ 65.
Kc4 Qc3+ 66. Kd5 Bf6 67. Ke4 Qc4+ 68. Kf5 h4 69. Qa7 Qd3+ 70. Kf4 Bd4 71. Qa4
Qe3+ 72. Kg4 Qg3+ 73. Kf5 Qf3+ 74. Kg5 74... Bf6# {Hossa checkmated} 0-1

[Event "ICS unrated blitz match"]
[Site "204.178.125.65"]
[Date "1999.12.01"]
[Round "?"]
[White "Hossa"]
[Black "Moron"]
[Result "0-1"]
[WhiteElo "2427"]
[BlackElo "2730"]
[PlyCount "82"]
[EventDate "1999.??.??"]

1. d4 d5 2. c4 dxc4 3. Nf3 Nf6 4. Nc3 a6 5. e4 b5 6. a3 e6 7. Be2 c5 8. e5 cxd4
9. Nxd4 Nfd7 10. Bf3 Ra7 11. Nc6 Nxc6 12. Bxc6 Qc7 13. Bxd7+ Bxd7 14. O-O Qxe5
15. Re1 Qf5 16. Be3 Rb7 17. Ne2 Qd5 18. Bd4 Bc6 19. Nf4 Qf5 20. Be5 Bc5 21. g4
Qg5 22. h3 h5 23. Qc1 hxg4 24. Ng2 Qf5 25. Qf4 Qxf4 26. Bxf4 Rxh3 27. Be3 Bd6
28. Rad1 Bh2+ 29. Kf1 Bc7 30. Bd4 Bf3 31. Kg1 Rh2 32. Re3 Rxg2+ 33. Kf1 Bh2 34.
Ke1 Rd7 35. Rdd3 cxd3 36. Rxd3 Bf4 37. Rxf3 gxf3 38. Kd1 Rxf2 39. Ke1 Re2+ 40.
Kf1 Rxd4 41. a4 41... Rd1# {Hossa checkmated} 0-1

[Event "ICS unrated blitz match"]
[Site "204.178.125.65"]
[Date "1999.12.01"]
[Round "?"]
[White "Moron"]
[Black "Hossa"]
[Result "1-0"]
[WhiteElo "2730"]
[BlackElo "2427"]
[PlyCount "121"]
[EventDate "1999.??.??"]

1. e4 Nc6 2. Nf3 e5 3. Bb5 a6 4. Ba4 Nf6 5. O-O Nxe4 6. d4 exd4 7. Re1 f5 8.
Nxd4 Nxd4 9. Qxd4 Qf6 10. Qxf6 gxf6 11. f3 b5 12. Bb3 Bb7 13. fxe4 fxe4 14. Nc3
O-O-O 15. Nd5 f5 16. Bg5 Re8 17. Bf6 Bc5+ 18. Kh1 Rhg8 19. Nc3 Rg4 20. h3 Rg6
21. Bf7 Rxf6 22. Bxe8 Rf8 23. Bh5 Bd6 24. Rad1 Rg8 25. Nd5 Rg5 26. Bf7 Rg7 27.
Be8 Kd8 28. Bh5 Bg3 29. Rf1 Bxd5 30. Rxd5 f4 31. Rfd1 e3 32. R5d3 Re7 33. Be2
h6 34. Kg1 Kc8 35. Kf1 d6 36. Bf3 Kb8 37. Rc3 Rg7 38. Rc6 Ka7 39. Rd3 a5 40.
Rd5 Rg5 41. Rxg5 hxg5 42. Rxc7+ Kb6 43. Rc6+ Ka7 44. Rxd6 b4 45. Rd5 Kb6 46.
Rxg5 Bh4 47. Rf5 Bg3 48. Be2 Bh2 49. Rb5+ Ka6 50. h4 Bg3 51. h5 a4 52. Rxb4+
Ka5 53. Rb5+ Ka6 54. h6 f3 55. gxf3 Bh4 56. h7 Bf6 57. Rf5+ Ka7 58. Rxf6 a3 59.
h8=Q Kb7 60. Qg7+ Ka8 61. Rf8# {Hossa checkmated} 1-0

[Event "ICS unrated blitz match"]
[Site "204.178.125.65"]
[Date "1999.12.01"]
[Round "?"]
[White "Hossa"]
[Black "Moron"]
[Result "0-1"]
[WhiteElo "2427"]
[BlackElo "2730"]
[PlyCount "108"]
[EventDate "1999.??.??"]

1. e4 e5 2. Nc3 Nf6 3. Bc4 Nc6 4. d3 Bc5 5. Be3 Bxe3 6. fxe3 Na5 7. Nf3 Nxc4 8.
dxc4 d6 9. c5 Bg4 10. cxd6 Qxd6 11. Qxd6 cxd6 12. Rd1 O-O-O 13. h3 Bh5 14. Rf1
Rhe8 15. Rd2 b5 16. a3 a5 17. b4 axb4 18. axb4 Kd7 19. g4 Bg6 20. Nxb5 Nxe4 21.
Rd1 Rc8 22. h4 f6 23. Ra1 Rxc2 24. Ra7+ Kd8 25. Rg1 Rf2 26. Rg3 Rb2 27. Rh3
Rb1+ 28. Ke2 Rxb4 29. h5 Bxh5 30. gxh5 Rxb5 31. Rxg7 Rb2+ 32. Kf1 Re7 33. Rg8+
Kd7 34. Rh2 Rb3 35. Ke2 Ke6 36. Rhg2 Ra7 37. Nh2 Ng5 38. Rf2 Ra1 39. Nf3 Rb2+
40. Nd2 Ne4 41. Kf3 Nxf2 42. Nc4 Rc2 43. Rc8 Nh3 44. Re8+ Kd7 45. Rg8 Rxc4 46.
Rg7+ Ke6 47. Rg2 Ng5+ 48. Kg3 Rf1 49. Re2 Rf3+ 50. Kh2 Rg4 51. Rg2 Rh4+ 52. Kg1
Nh3+ 53. Kh1 Nf2+ 54. Kg1 54... Rh1# {Hossa checkmated} 0-1

[Event "ICS unrated blitz match"]
[Site "204.178.125.65"]
[Date "1999.12.01"]
[Round "?"]
[White "Moron"]
[Black "Hossa"]
[Result "1-0"]
[WhiteElo "2730"]
[BlackElo "2427"]
[PlyCount "65"]
[EventDate "1999.??.??"]

1. e4 e5 2. Nf3 Nc6 3. Bb5 d6 4. d4 a6 5. Bxc6+ bxc6 6. dxe5 Qe7 7. Qd4 Bg4 8.
Bf4 f6 9. exd6 cxd6 10. Nc3 Qa7 11. Qa4 Qd7 12. Nd4 Ne7 13. f3 Bh5 14. O-O-O
Bf7 15. Rhe1 g5 16. Bg3 Bg8 17. b3 h6 18. Nf5 Nxf5 19. exf5+ Kf7 20. Ne4 Qxf5
21. Rxd6 Kg7 22. Rxf6 Qb5 23. Qd4 Qb4 24. Qe5 Qa3+ 25. Kb1 Be7 26. Re6+ Kf7 27.
Qf5+ Ke8 28. Rxe7+ Qxe7 29. Nf6+ Kd8 30. Qa5+ Kc8 31. Rxe7 Ra7 32. Re8+ Kb7 33.
Qc7# {Hossa checkmated} 1-0

[Event "ICS unrated blitz match"]
[Site "204.178.125.65"]
[Date "1999.12.01"]
[Round "?"]
[White "Hossa"]
[Black "Moron"]
[Result "0-1"]
[WhiteElo "2427"]
[BlackElo "2730"]
[PlyCount "128"]
[EventDate "1999.??.??"]

1. e4 c5 2. Nf3 d6 3. d4 cxd4 4. Nxd4 Nf6 5. Nc3 a6 6. Bg5 e6 7. f4 Be7 8. Qf3
Qc7 9. O-O-O Nbd7 10. g4 b5 11. Bd3 Bb7 12. Rhf1 O-O 13. Nb3 Rac8 14. Rf2 h6
15. Bh4 Nxe4 16. Bxe4 Bxe4 17. Nxe4 Bxh4 18. Nxd6 Bxf2 19. Nxc8 Nf6 20. Ne7+
Qxe7 21. Qxf2 Nxg4 22. Qg3 Nf6 23. Rg1 Nh5 24. Qg4 Qa7 25. Rf1 Qe3+ 26. Kb1 g6
27. Nc1 Rd8 28. Nb3 Nxf4 29. Qh4 Rd5 30. Nc1 Nh3 31. Qf6 Rd7 32. Nd3 Qe2 33.
Kc1 Qxh2 34. Kb1 Qe2 35. Rc1 Ng5 36. Qf4 Kh7 37. Rh1 Rd5 38. Qh4 h5 39. Qg3 Ne4
40. Qc7 Rf5 41. Re1 Qg2 42. a3 Rf1 43. Ka2 Qg3 44. Qxg3 Nxg3 45. Re5 h4 46. Rg5
Kh6 47. Rg4 Kh5 48. Rd4 h3 49. Rd8 Kg5 50. Rh8 Nh5 51. Rd8 h2 52. Nf2 Rxf2 53.
Rd1 Ng3 54. a4 Nf1 55. axb5 axb5 56. Re1 h1=Q 57. Re5+ Kh6 58. Rxb5 Qa8+ 59.
Kb3 Nd2+ 60. Kc3 Qe4 61. Rh5+ gxh5 62. b4 Nb1+ 63. Kb2 Qxc2+ 64. Ka1 64... Qb2#
{Hossa checkmated} 0-1

[Event "ICS rated blitz match"]
[Site "204.178.125.65"]
[Date "1999.12.02"]
[Round "?"]
[White "Gutierrez"]
[Black "Hossa"]
[Result "0-1"]
[WhiteElo "2223"]
[BlackElo "2427"]
[PlyCount "110"]
[EventDate "1999.??.??"]

1. e4 e5 2. Nf3 Nc6 3. Nc3 Bb4 4. Bb5 Nge7 5. O-O a6 6. Ba4 b5 7. Bb3 O-O 8.
Nd5 Ba5 9. c3 Re8 10. d4 exd4 11. Ng5 Rf8 12. cxd4 h6 13. Nf3 Nxd5 14. Bxd5 Rb8
15. e5 Re8 16. Be3 Nb4 17. Bb3 Bb7 18. d5 c6 19. d6 Nd5 20. Bxd5 cxd5 21. a3
Rc8 22. b4 Bb6 23. Bxb6 Qxb6 24. Rc1 Rc4 25. Qd2 d4 26. Qd3 Bxf3 27. Qxf3 Rxc1
28. Rxc1 Rxe5 29. Rc8+ Kh7 30. Qd3+ g6 31. f4 Re3 32. Qd2 Qxd6 33. g3 Rxa3 34.
Kf2 Ra4 35. Rc5 d3 36. Re5 Rxb4 37. Qa2 Rc4 38. Ke1 Rc1+ 39. Kd2 Rc2+ 40. Qxc2
dxc2+ 41. Kxc2 g5 42. Kb2 gxf4 43. gxf4 Qd2+ 44. Kb3 Qxf4 45. Rc5 Qxh2 46. Rc2
Qf4 47. Kb2 a5 48. Rc3 d5 49. Rc2 a4 50. Rc3 b4 51. Rc2 Qd4+ 52. Ka2 b3+ 53.
Ka3 bxc2 54. Ka2 Qc4+ 55. Kb2 55... c1=Q# {Gutierrez checkmated} 0-1

[Event "ICS rated blitz match"]
[Site "204.178.125.65"]
[Date "1999.12.02"]
[Round "?"]
[White "Hossa"]
[Black "thutters"]
[Result "1-0"]
[WhiteElo "2435"]
[BlackElo "2319"]
[PlyCount "69"]
[EventDate "1999.??.??"]

1. e4 g6 2. d4 Bg7 3. Nc3 d6 4. Nf3 Bg4 5. Bc4 e6 6. h3 Bxf3 7. gxf3 Qh4 8. Nb5
Na6 9. Bd2 Nf6 10. Qe2 Nh5 11. Qe3 Qe7 12. O-O-O c6 13. Nc3 Nc7 14. Rhe1 e5 15.
dxe5 dxe5 16. Ne2 h6 17. Rg1 Bf6 18. Qb3 b5 19. Bd3 Bg5 20. Qc3 Bxd2+ 21. Rxd2
Qe6 22. f4 O-O-O 23. fxe5 g5 24. Kb1 Rhe8 25. Nd4 Qxe5 26. Nxc6 Qxc3 27. bxc3
Rd6 28. Nxa7+ Kb7 29. Nxb5 Nxb5 30. Bxb5 Rxd2 31. Bxe8 Rxf2 32. c4 Nf4 33. Rg3
f5 34. exf5 Nh5 35. Bxh5 {thutters resigns} 1-0

[Event "ICS rated blitz match"]
[Site "204.178.125.65"]
[Date "1999.12.02"]
[Round "?"]
[White "youngstar"]
[Black "Hossa"]
[Result "0-1"]
[WhiteElo "2218"]
[BlackElo "2446"]
[PlyCount "62"]
[EventDate "1999.??.??"]

1. e4 e5 2. Nf3 Nc6 3. c3 Nf6 4. d4 Nxe4 5. d5 Bc5 6. dxc6 Bxf2+ 7. Ke2 d5 8.
Nbd2 Nxd2 9. Bxd2 Bb6 10. h3 bxc6 11. Qa4 Qd6 12. Re1 O-O 13. Kd1 f6 14. g4 Rb8
15. Kc1 Bd7 16. g5 e4 17. Nd4 f5 18. Ne2 e3 19. Bxe3 Bxe3+ 20. Kb1 f4 21. Nd4
c5 22. Qxa7 Ra8 23. Qb7 Rfb8 24. Qxb8+ Rxb8 25. Nc2 Bd2 26. Re2 Bxc3 27. Ne1
Bxb2 28. Rxb2 Rxb2+ 29. Kxb2 Qe5+ 30. Kc2 Ba4+ 31. Kd2 31... Qe3# {
youngstar checkmated} 0-1

[Event "ICS rated blitz match"]
[Site "204.178.125.65"]
[Date "1999.12.02"]
[Round "?"]
[White "Hossa"]
[Black "PostModernist"]
[Result "1/2-1/2"]
[WhiteElo "2453"]
[BlackElo "2533"]
[PlyCount "255"]
[EventDate "1999.??.??"]

1. e4 c5 2. Nf3 d6 3. d4 Nf6 4. Nc3 cxd4 5. Nxd4 Nc6 6. Bc4 Bd7 7. Be3 Ng4 8.
Nxc6 bxc6 9. Bg5 Qb6 10. Qd2 Qxb2 11. Rb1 Qa3 12. O-O h6 13. Be3 Qa5 14. Rfd1
e6 15. Bf4 e5 16. Bg3 Qc5 17. Qd3 Be7 18. Rb7 Rd8 19. Qe2 Nf6 20. Na4 Qa5 21.
Bb3 Bc8 22. Qc4 Bxb7 23. Qxf7+ Kd7 24. Be6+ Kc7 25. Qxe7+ Kb8 26. Bh4 Qc7 27.
Bxf6 gxf6 28. Qxf6 h5 29. Nc3 Rhf8 30. Qg5 Qb6 31. Bf5 Rh8 32. Rb1 Qc7 33. Be6
Rde8 34. Bc4 Qd8 35. Qg3 Rh7 36. Qg6 Reh8 37. Ba6 Rd7 38. Qf5 h4 39. Rb3 Rg8
40. Qh3 Qg5 41. g3 hxg3 42. hxg3 Qc1+ 43. Kg2 Rgd8 44. Qh4 Rc8 45. Bxb7 Rxb7
46. Rxb7+ Kxb7 47. Qe7+ Rc7 48. Qxd6 Rh7 49. Qd1 Qh6 50. Qe1 Qh5 51. Ne2 Kc8
52. a4 a6 53. f4 exf4 54. gxf4 Qh2+ 55. Kf3 Rh3+ 56. Ng3 Qxc2 57. a5 Rh4 58. f5
c5 59. Qe3 Kb7 60. f6 Qc4 61. Kg2 Qa2+ 62. Kf3 Rh2 63. Qxc5 Qb3+ 64. Kg4 Qe6+
65. Kg5 Qg8+ 66. Kf4 Rh4+ 67. Kf3 Qb3+ 68. Qe3 Qc4 69. Qd2 Kc7 70. Qb2 Kc8 71.
Qa3 Rh8 72. e5 Qd5+ 73. Kf4 Qd4+ 74. Kf5 Qd7+ 75. e6 Qd5+ 76. Kg6 Qxe6 77. Qc5+
Kb8 78. Qb4+ Kc7 79. Qf4+ Kc8 80. Nf5 Rg8+ 81. Ng7 Qc6 82. Qe5 Kb7 83. Qe7+ Ka8
84. Kh7 Rb8 85. f7 Qc2+ 86. Kh6 Rh8+ 87. Kg5 Qd2+ 88. Kf5 Qf2+ 89. Kg6 Qg3+ 90.
Qg5 Qd6+ 91. Kf5 Qd7+ 92. Kf6 Qd4+ 93. Kg6 Qe4+ 94. Kf6 Qf3+ 95. Ke7 Qb7+ 96.
Kf6 Rf8 97. Qh5 Qb2+ 98. Kg6 Qb3 99. Qf5 Qg3+ 100. Kf6 Qh4+ 101. Kg6 Qg3+ 102.
Kf6 Qd6+ 103. Ne6 Rd8 104. Qe4+ Ka7 105. Qh7 Qd7 106. f8=Q Rxf8+ 107. Nxf8 Qxh7
108. Nxh7 Kb7 109. Ng5 Kc6 110. Ne6 Kb5 111. Ke5 Kxa5 112. Nc5 Kb6 113. Nd7+
Kb7 114. Nc5+ Kc6 115. Ne6 Kb5 116. Nc7+ Kb6 117. Nd5+ Kb7 118. Kd4 a5 119. Ke4
Ka7 120. Ke5 a4 121. Kd4 Kb7 122. Kc5 Ka7 123. Kc6 Kb8 124. Kb6 a3 125. Ne3 Kc8
126. Kc6 a2 127. Nc2 a1=Q 128. Nxa1 {
Game drawn because neither player has mating material} 1/2-1/2

[Event "ICS rated standard match"]
[Site "204.178.125.65"]
[Date "1999.12.02"]
[Round "?"]
[White "star"]
[Black "Hossa"]
[Result "1-0"]
[WhiteElo "2398"]
[BlackElo "2191"]
[PlyCount "151"]
[EventDate "1999.??.??"]

1. e4 e5 2. Nf3 Nc6 3. Bb5 a6 4. Ba4 Nf6 5. O-O Be7 6. Re1 b5 7. Bb3 d6 8. h3
O-O 9. Nc3 Bd7 10. a3 Nd4 11. Nxd4 exd4 12. Ne2 c5 13. d3 Rc8 14. c3 c4 15. Ba2
dxc3 16. Nxc3 cxd3 17. Qxd3 Re8 18. Bf4 Be6 19. Bxe6 fxe6 20. Rad1 Rc6 21. Qf3
Qb6 22. e5 dxe5 23. Bxe5 Rf8 24. Qd3 Bc5 25. Qe2 Nd5 26. Ne4 Rf5 27. Nxc5 Qxc5
28. Rd2 Qe7 29. Rd4 Qd8 30. Rg4 Rf7 31. b3 Qc8 32. Rd4 Rc2 33. Rd2 Rc1 34. Red1
Rxd1+ 35. Rxd1 Rf5 36. Qb2 Qb7 37. Qd4 Qe7 38. b4 Qg5 39. Re1 Qe7 40. Rc1 Qb7
41. Rd1 Qd7 42. Rd3 Qc6 43. Qa7 Rf7 44. Qc5 Qa8 45. Rd1 Rf5 46. Qd6 Qc8 47. Bb2
Rf7 48. Rc1 Qd7 49. Qxa6 Ne7 50. Be5 Qd2 51. Rc5 Qxf2+ 52. Kh2 Ng6 53. Qxe6 Nf8
54. Qd5 h6 55. Rxb5 Nd7 56. Bg3 Qe3 57. a4 Qe8 58. Rb7 Nf6 59. Qxf7+ Qxf7 60.
Rxf7 Kxf7 61. b5 h5 62. a5 h4 63. Bf2 Ne4 64. b6 Nxf2 65. b7 Ne4 66. b8=Q Ng3
67. a6 Nf1+ 68. Kg1 Ng3 69. Qf4+ Kg6 70. Qg4+ Kf6 71. a7 Nf5 72. a8=Q g6 73.
Qc6+ Nd6 74. Qxd6+ Kg7 75. Qgxg6+ Kh8 76. Qf8# {Hossa checkmated} 1-0

[Event "ICS rated blitz match"]
[Site "204.178.125.65"]
[Date "1999.12.02"]
[Round "?"]
[White "Zippy"]
[Black "Hossa"]
[Result "0-1"]
[WhiteElo "2399"]
[BlackElo "2449"]
[PlyCount "84"]
[EventDate "1999.??.??"]

1. d4 Nf6 2. c4 e6 3. Nc3 d5 4. Bg5 Bb4 5. Qc2 dxc4 6. e3 b5 7. Nge2 Bb7 8. a3
Ba5 9. O-O-O a6 10. f4 O-O 11. Kb1 Nbd7 12. h3 Qe7 13. Rh2 b4 14. Bxf6 Nxf6 15.
axb4 Bxb4 16. Kc1 Nd5 17. Nxd5 exd5 18. e4 dxe4 19. Qxc4 Rfd8 20. Nc3 c5 21. g3
cxd4 22. Rxd4 Rxd4 23. Qxd4 Rd8 24. Qe5 Qd7 25. Bc4 Bxc3 26. bxc3 Ba8 27. Qh5
Qc7 28. Rd2 Rxd2 29. Qxf7+ Qxf7 30. Bxf7+ Kxf7 31. Kxd2 a5 32. g4 a4 33. Ke1 a3
34. Ke2 a2 35. c4 a1=Q 36. f5 Qb2+ 37. Ke3 Qc3+ 38. Kf4 e3 39. Kg3 e2+ 40. Kh4
e1=Q+ 41. Kg5 Qcd2+ 42. Kh5 42... Qh6# {Zippy checkmated} 0-1

[Event "ICS rated blitz match"]
[Site "204.178.125.65"]
[Date "1999.12.02"]
[Round "?"]
[White "Zippy"]
[Black "Hossa"]
[Result "1-0"]
[WhiteElo "2373"]
[BlackElo "2475"]
[PlyCount "151"]
[EventDate "1999.??.??"]

1. e4 e5 2. Nf3 Nc6 3. Bb5 d6 4. d4 a6 5. Bxc6+ bxc6 6. dxe5 Qe7 7. Qd4 Bg4 8.
Nbd2 f6 9. Qc4 Qd7 10. exf6 gxf6 11. O-O Bh6 12. Qc3 Bg7 13. h3 Bh5 14. Nd4 Ne7
15. f3 c5 16. Ne2 Rg8 17. a4 Nc6 18. Qd3 Bh6 19. Kh1 Qg7 20. Rg1 Nb4 21. Qb3
O-O-O 22. Nc4 Bxc1 23. Raxc1 Rde8 24. Nf4 Bf7 25. Rcd1 Qg3 26. Ne2 Qg6 27. c3
Nd5 28. Rxd5 Bxd5 29. Nxd6+ cxd6 30. Qxd5 Kc7 31. Nf4 Qg7 32. Ne6+ Rxe6 33.
Qxe6 a5 34. b3 Qf8 35. Rd1 Rg5 36. Qc4 Qb8 37. Qf7+ Kc6 38. Rd2 Re5 39. Qxf6
Qc7 40. Qf8 Re6 41. Qg8 Rg6 42. Qc4 Kb6 43. Qb5+ Ka7 44. e5 h5 45. g4 Qf7 46.
Qxa5+ Kb7 47. Qb5+ Ka7 48. Kg2 Qc7 49. Qd3 Qf7 50. exd6 Rg8 51. d7 Rd8 52. Qb5
Qe7 53. Qc6 Kb8 54. a5 hxg4 55. fxg4 c4 56. bxc4 Rxd7 57. Rb2+ Rb7 58. Qxb7+
Qxb7+ 59. Rxb7+ Kxb7 60. g5 Ka6 61. h4 Kxa5 62. g6 Ka4 63. g7 Kb3 64. c5 Kc4
65. c6 Kd3 66. g8=Q Ke4 67. c7 Kd3 68. Qd5+ Kc2 69. h5 Kb2 70. h6 Kc2 71. Qe4+
Kd2 72. c8=Q Kd1 73. Qcg4+ Kc1 74. Qe1+ Kb2 75. Qd2+ Kb3 76. Qb4# {
Hossa checkmated} 1-0

[Event "ICS rated blitz match"]
[Site "204.178.125.65"]
[Date "1999.12.02"]
[Round "?"]
[White "Hossa"]
[Black "PostModernist"]
[Result "0-1"]
[WhiteElo "2454"]
[BlackElo "2522"]
[PlyCount "100"]
[EventDate "1999.??.??"]

1. e4 c5 2. Nf3 Nc6 3. d4 cxd4 4. Nxd4 e5 5. Nb5 d6 6. N1c3 Nf6 7. Bd3 a6 8.
Na3 b5 9. Nab1 Be7 10. O-O Be6 11. a3 Bg4 12. f3 Qb6+ 13. Kh1 Be6 14. f4 O-O
15. a4 Qc5 16. fxe5 Nxe5 17. axb5 Nxd3 18. cxd3 axb5 19. d4 Qb6 20. Rxa8 Rxa8
21. b4 d5 22. Bg5 dxe4 23. Nxe4 Nxe4 24. Bxe7 Ra2 25. Bh4 Bd5 26. Qg4 Qc6 27.
Kg1 Ng3 28. Qxg3 Rxg2+ 29. Qxg2 Bxg2 30. Re1 g5 31. d5 Bxd5 32. Bxg5 Qc8 33.
Re5 Qg4+ 34. Kf2 Qg2+ 35. Ke3 Qg1+ 36. Kd3 Bc4+ 37. Kc3 Qxb1 38. Re8+ Kg7 39.
h4 Qd3+ 40. Kb2 f6 41. Re7+ Kf8 42. Rb7 fxg5 43. Rb8+ Ke7 44. Rb7+ Kd6 45. Rb6+
Kc7 46. Rd6 Kxd6 47. hxg5 Qd2+ 48. Kb1 Bd3+ 49. Ka1 Qc1+ 50. Ka2 50... Bc4# {
Hossa checkmated} 0-1

[Event "ICS rated blitz match"]
[Site "204.178.125.65"]
[Date "1999.12.02"]
[Round "?"]
[White "Killerplay"]
[Black "Hossa"]
[Result "0-1"]
[WhiteElo "2170"]
[BlackElo "2441"]
[PlyCount "50"]
[EventDate "1999.??.??"]

1. e4 c5 2. b3 Nc6 3. Bb2 e5 4. Nc3 Nf6 5. Nf3 d6 6. Bb5 Be7 7. O-O O-O 8. Re1
Nd4 9. Bf1 Bg4 10. Be2 Nxe2+ 11. Qxe2 Qc7 12. h3 Be6 13. Nd1 c4 14. Ne3 cxb3
15. axb3 Nxe4 16. d4 f6 17. c4 Rfe8 18. Nd2 Nxd2 19. Qxd2 Bf8 20. d5 Bf7 21. h4
Rec8 22. g4 Be8 23. h5 Bd7 24. f3 Qb6 25. Qd3 25... a5 {Killerplay resigns} 0-1

[Event "ICS rated blitz match"]
[Site "204.178.125.65"]
[Date "1999.12.02"]
[Round "?"]
[White "Hossa"]
[Black "Killerplay"]
[Result "1-0"]
[WhiteElo "2447"]
[BlackElo "2164"]
[PlyCount "29"]
[EventDate "1999.??.??"]

1. e4 e6 2. d4 d5 3. e5 c5 4. c3 Nc6 5. Nf3 Qb6 6. a4 cxd4 7. cxd4 Nh6 8. Bb5
Nf5 9. Nc3 Bd7 10. a5 Nxa5 11. Bxd7+ Kxd7 12. g4 Ne7 13. O-O Nb3 14. Na4 Qb5
15. Qxb3 {Killerplay resigns} 1-0

[Event "ICS rated blitz match"]
[Site "204.178.125.65"]
[Date "1999.12.02"]
[Round "?"]
[White "Hossa"]
[Black "Killerplay"]
[Result "1-0"]
[WhiteElo "2457"]
[BlackElo "2154"]
[PlyCount "53"]
[EventDate "1999.??.??"]

1. e4 c5 2. Nf3 d6 3. d4 cxd4 4. Nxd4 Nf6 5. Nc3 g6 6. Be3 Bg7 7. f3 O-O 8. Qd2
Nc6 9. Bc4 Bd7 10. Nxc6 Bxc6 11. Bh6 Bxh6 12. Qxh6 Rb8 13. Rd1 Qc7 14. Bb3 b5
15. O-O a5 16. a3 a4 17. Ba2 b4 18. axb4 Rxb4 19. b3 a3 20. Ne2 Bb5 21. c4 Bxc4
22. bxc4 Rb2 23. Rd2 Rfb8 24. Rfd1 Qa5 25. Nd4 Qc3 26. Nc6 R8b7 27. e5 {
Killerplay resigns} 1-0

[Event "ICS rated blitz match"]
[Site "204.178.125.65"]
[Date "1999.12.02"]
[Round "?"]
[White "Killerplay"]
[Black "Hossa"]
[Result "0-1"]
[WhiteElo "2149"]
[BlackElo "2462"]
[PlyCount "24"]
[EventDate "1999.??.??"]

1. e4 c5 2. Nf3 d6 3. d4 cxd4 4. Nxd4 Nf6 5. Nc3 a6 6. Bg5 e6 7. Qf3 Be7 8.
O-O-O Nbd7 9. Rg1 O-O 10. g4 Ne5 11. Qe2 Nxe4 12. Bxe7 12... Nxc3 {
Killerplay resigns} 0-1

[Event "ICS unrated blitz match"]
[Site "204.178.125.65"]
[Date "1999.12.02"]
[Round "?"]
[White "Moron"]
[Black "Hossa"]
[Result "1-0"]
[WhiteElo "2725"]
[BlackElo "2467"]
[PlyCount "91"]
[EventDate "1999.??.??"]

1. e4 c5 2. Nf3 d6 3. d4 cxd4 4. Nxd4 Nf6 5. Nc3 a6 6. Be3 e5 7. Nb3 Be6 8. Be2
Nbd7 9. O-O Nc5 10. Nxc5 dxc5 11. Qe1 Qb6 12. Rd1 Qxb2 13. f3 Bxa2 14. Bc1 Qxc2
15. Rf2 Bb3 16. Nb5 Ke7 17. Na3 Qa2 18. Rd2 Qa1 19. Rd3 Be6 20. Rc3 Ke8 21. Bd1
c4 22. Kf1 Rd8 23. Rd2 Bb4 24. Bb2 Bxc3 25. Ba4+ Ke7 26. Qxa1 Bxd2 27. Nb1 b5
28. Ba3+ Ke8 29. Qxe5 Bc1 30. Bxc1 bxa4 31. Nc3 Kd7 32. Nxa4 Ke8 33. Ba3 Rg8
34. Qc5 Rd1+ 35. Ke2 Rd7 36. Nb6 a5 37. Qc6 Nxe4 38. Nxd7 Kd8 39. Ne5 Nc3+ 40.
Ke1 Nd5 41. Qa8+ Kc7 42. Qa7+ Kc8 43. Bd6 Kd8 44. Nc6+ Ke8 45. Qb8+ Bc8 46.
Qxc8# {Hossa checkmated} 1-0